[Event "Poznan Chess Festival"]
[Site "chess24.com"]
[Date "2021.08.16"]
[Round "3"]
[White "Chaczynski, Kamil"]
[Black "Nowak, Roksana"]
[Result "1-0"]
[Board "13"]
[WhiteElo "2040"]
[WhiteCountry "POL"]
[WhiteFideId "21807906"]
[WhiteEloChange "2"]
[BlackElo "1561"]
[BlackCountry "POL"]
[BlackFideId "21847991"]
[BlackEloChange "-2"]

1. e4 {[%clk 1:30:55]} c5 {[%clk 1:30:55]} 2. Nf3 {[%clk 1:31:20]} d6 {[%clk
1:31:18]} 3. Bb5+ {[%clk 1:31:45]} Nd7 {[%clk 1:31:34]} 4. a4 {[%clk 1:32:13]} a6
{[%clk 1:31:11]} 5. Be2 {[%clk 1:32:40]} Ngf6 {[%clk 1:31:17]} 6. Nc3 {[%clk
1:33:08]} e6 {[%clk 1:31:03]} 7. d4 {[%clk 1:33:23]} cxd4 {[%clk 1:31:28]} 8.
Qxd4 {[%clk 1:33:40]} e5 {[%clk 1:29:58]} 9. Qe3 {[%clk 1:33:56]} Be7 {[%clk
1:29:49]} 10. O-O {[%clk 1:34:15]} O-O {[%clk 1:29:53]} 11. Nd2 {[%clk 1:34:05]}
Nc5 {[%clk 1:29:51]} 12. Nc4 {[%clk 1:25:53]} Be6 {[%clk 1:26:04]} 13. Rd1 {[%clk
1:22:08]} Bxc4 {[%clk 1:24:22]} 14. Bxc4 {[%clk 1:22:31]} Rc8 {[%clk 1:23:22]}
15. b3 {[%clk 1:19:36]} Ne6 {[%clk 1:18:11]} 16. Ba3 {[%clk 1:14:22]} Nd4 {[%clk
1:16:44]} 17. Qd3 {[%clk 1:13:04]} Nd7 {[%clk 1:10:35]} 18. Nd5 {[%clk 1:06:46]}
Nc5 {[%clk 1:00:46]} 19. Bxc5 {[%clk 0:50:34]} dxc5 {[%clk 0:58:45]} 20. c3
{[%clk 0:49:04]} Nc6 {[%clk 0:53:38]} 21. Qh3 {[%clk 0:47:44]} Bd6 {[%clk
0:38:36]} 22. Rd3 {[%clk 0:43:56]} Ne7 {[%clk 0:29:25]} 23. Rad1 {[%clk 0:41:38]}
Ng6 {[%clk 0:24:11]} 24. g3 {[%clk 0:41:41]} Rc6 {[%clk 0:23:47]} 25. Ne3 {[%clk
0:39:59]} Qb8 {[%clk 0:23:06]} 26. Bd5 {[%clk 0:35:28]} Rc7 {[%clk 0:21:50]} 27.
Bxf7+ {[%clk 0:33:41]} Rcxf7 {[%clk 0:21:26]} 28. Rxd6 {[%clk 0:34:05]} Rxf2
{[%clk 0:19:15]} 29. Nf5 {[%clk 0:34:01]} R2xf5 {[%clk 0:19:06]} 30. exf5 {[%clk
0:34:16]} Qc8 {[%clk 0:19:27]} 31. Rd7 {[%clk 0:34:03]} Nh8 {[%clk 0:18:18]} 32.
f6 {[%clk 0:32:10]} 1-0

[Event "Poznan Chess Festival"]
[Site "chess24.com"]
[Date "2021.08.16"]
[Round "3"]
[White "Sobczak, Miroslaw"]
[Black "Wesolowski, Edgar"]
[Result "0-1"]
[Board "14"]
[WhiteElo "1748"]
[WhiteCountry "POL"]
[WhiteFideId "1114182"]
[WhiteEloChange "-4"]
[BlackElo "1975"]
[BlackCountry "POL"]
[BlackFideId "1138022"]
[BlackEloChange "4"]

1. e4 {[%clk 1:26:00]} c5 {[%clk 1:30:54]} 2. Nf3 {[%clk 1:26:27]} d6 {[%clk
1:31:18]} 3. d4 {[%clk 1:26:52]} cxd4 {[%clk 1:31:43]} 4. Nxd4 {[%clk 1:27:18]}
Nf6 {[%clk 1:32:06]} 5. Nc3 {[%clk 1:27:41]} g6 {[%clk 1:32:29]} 6. Be3 {[%clk
1:28:03]} Bg7 {[%clk 1:32:54]} 7. f3 {[%clk 1:28:25]} Nc6 {[%clk 1:33:19]} 8. Qd2
{[%clk 1:28:49]} O-O {[%clk 1:33:44]} 9. O-O-O {[%clk 1:29:08]} d5 {[%clk
1:34:10]} 10. Nxc6 {[%clk 1:29:22]} bxc6 {[%clk 1:34:34]} 11. Bh6 {[%clk
1:29:48]} Be6 {[%clk 1:30:39]} 12. Bxg7 {[%clk 1:24:52]} Kxg7 {[%clk 1:31:04]}
13. exd5 {[%clk 1:25:18]} Nxd5 {[%clk 1:31:09]} 14. Ne4 {[%clk 1:25:40]} Qb6
{[%clk 1:28:07]} 15. Ng5 {[%clk 0:58:03]} Bf5 {[%clk 1:17:36]} 16. g4 {[%clk
0:55:51]} Rab8 {[%clk 1:15:34]} 17. b3 {[%clk 0:56:01]} Rbd8 {[%clk 1:02:29]} 18.
Kb2 {[%clk 0:52:05]} e5 {[%clk 0:55:24]} 19. Re1 {[%clk 0:35:16]} Bxc2 {[%clk
0:40:08]} 20. Bc4 {[%clk 0:18:00]} Nb4 {[%clk 0:30:14]} 21. Qc3 {[%clk 0:17:54]}
Qd4 {[%clk 0:28:38]} 22. Bxf7 {[%clk 0:12:54]} Nd3+ {[%clk 0:23:56]} 23. Kxc2
{[%clk 0:13:20]} Nb4+ {[%clk 0:24:21]} 24. Kb2 {[%clk 0:11:47]} Qf2+ {[%clk
0:24:48]} 25. Ka3 {[%clk 0:12:05]} Qxa2+ {[%clk 0:25:04]} 26. Kxb4 {[%clk
0:12:33]} a5+ {[%clk 0:25:25]} 27. Kc4 {[%clk 0:12:29]} Rd4+ {[%clk 0:25:42]} 28.
Kc5 {[%clk 0:12:47]} Qa3+ {[%clk 0:25:25]} 29. Kb6 {[%clk 0:13:16]} Rb8+ {[%clk
0:25:28]} 30. Ka6 {[%clk 0:13:45]} Qe7 {[%clk 0:24:53]} 31. Qxd4 {[%clk 0:10:03]}
Qb7+ {[%clk 0:25:14]} 32. Kxa5 {[%clk 0:10:31]} Qb5# {[%clk 0:25:38]} 0-1

[Event "Poznan Chess Festival"]
[Site "chess24.com"]
[Date "2021.08.16"]
[Round "3"]
[White "Zarzycki, Lukasz"]
[Black "Glatty, Zbigniew"]
[Result "0-1"]
[Board "16"]
[WhiteElo "1494"]
[WhiteCountry "POL"]
[WhiteFideId "21843511"]
[WhiteEloChange "-2"]
[BlackElo "1840"]
[BlackCountry "POL"]
[BlackFideId "1171305"]
[BlackEloChange "2"]

1. c4 {[%clk 1:30:59]} Nf6 {[%clk 1:30:52]} 2. Nc3 {[%clk 1:31:23]} e6 {[%clk
1:31:11]} 3. e4 {[%clk 1:31:44]} d5 {[%clk 1:31:34]} 4. e5 {[%clk 1:32:08]} d4
{[%clk 1:31:45]} 5. exf6 {[%clk 1:32:32]} dxc3 {[%clk 1:32:11]} 6. fxg7 {[%clk
1:32:55]} cxd2+ {[%clk 1:32:33]} 7. Qxd2 {[%clk 1:33:18]} Qxd2+ {[%clk 1:32:54]}
8. Bxd2 {[%clk 1:33:47]} Bxg7 {[%clk 1:33:14]} 9. O-O-O {[%clk 1:34:12]} O-O
{[%clk 1:32:23]} 10. Nf3 {[%clk 1:33:43]} c5 {[%clk 1:29:26]} 11. Bd3 {[%clk
1:29:50]} Nc6 {[%clk 1:28:09]} 12. Rhe1 {[%clk 0:55:23]} Rd8 {[%clk 1:00:23]} 13.
Bf4 {[%clk 0:50:42]} Bd7 {[%clk 0:37:47]} 14. Bc7 {[%clk 0:49:29]} Rdc8 {[%clk
0:35:45]} 15. Bxh7+ {[%clk 0:44:03]} Kxh7 {[%clk 0:34:59]} 16. Rxd7 {[%clk
0:44:20]} Kg8 {[%clk 0:32:05]} 17. Re4 {[%clk 0:18:36]} Nb8 {[%clk 0:25:44]} 18.
Bxb8 {[%clk 0:17:50]} Raxb8 {[%clk 0:26:12]} 19. Kc2 {[%clk 0:18:04]} Rd8 {[%clk
0:26:02]} 20. Rc7 {[%clk 0:14:55]} Rdc8 {[%clk 0:25:59]} 21. Rd7 {[%clk 0:14:42]}
Rd8 {[%clk 0:26:23]} 22. Ne5 {[%clk 0:13:27]} Rxd7 {[%clk 0:21:13]} 23. Nxd7
{[%clk 0:13:48]} Rc8 {[%clk 0:21:38]} 24. Rg4 {[%clk 0:12:16]} f5 {[%clk
0:20:20]} 25. Rg6 {[%clk 0:09:32]} Kf7 {[%clk 0:19:55]} 26. Rg3 {[%clk 0:08:10]}
Rc7 {[%clk 0:19:03]} 27. Rd3 {[%clk 0:07:07]} Bd4 {[%clk 0:19:17]} 28. Nxc5
{[%clk 0:05:37]} Bxc5 {[%clk 0:19:36]} 29. f4 {[%clk 0:05:51]} Kf6 {[%clk
0:18:28]} 30. h3 {[%clk 0:05:40]} e5 {[%clk 0:18:26]} 31. fxe5+ {[%clk 0:04:57]}
Kxe5 {[%clk 0:18:55]} 32. h4 {[%clk 0:04:55]} Bf2 {[%clk 0:18:00]} 33. h5 {[%clk
0:04:23]} Rxc4+ {[%clk 0:18:05]} 34. Kd2 {[%clk 0:03:48]} Rd4 {[%clk 0:18:14]}
35. h6 {[%clk 0:03:08]} Ke4 {[%clk 0:18:27]} 36. Rxd4+ {[%clk 0:03:00]} Bxd4
{[%clk 0:18:36]} 37. b3 {[%clk 0:03:16]} Be3+ {[%clk 0:19:00]} 38. Ke2 {[%clk
0:03:29]} Bxh6 {[%clk 0:19:23]} 0-1

[Event "Poznan Chess Festival"]
[Site "chess24.com"]
[Date "2021.08.16"]
[Round "3"]
[White "Huchwajda, Grzegorz"]
[Black "Michalski, Karol"]
[Result "0-1"]
[Board "17"]
[WhiteElo "1440"]
[WhiteCountry "POL"]
[WhiteFideId "21806357"]
[WhiteEloChange "-2"]
[BlackElo "2010"]
[BlackCountry "POL"]
[BlackFideId "1110845"]
[BlackEloChange "2"]

1. e4 {[%clk 1:30:58]} g6 {[%clk 1:24:25]} 2. d4 {[%clk 1:31:23]} Bg7 {[%clk
1:24:52]} 3. h3 {[%clk 1:31:30]} c5 {[%clk 1:25:09]} 4. Nf3 {[%clk 1:29:57]} cxd4
{[%clk 1:25:35]} 5. Nxd4 {[%clk 1:30:00]} Nc6 {[%clk 1:26:01]} 6. Be3 {[%clk
1:29:47]} Nf6 {[%clk 1:26:04]} 7. Nc3 {[%clk 1:29:30]} O-O {[%clk 1:26:21]} 8.
Qd2 {[%clk 1:28:37]} d5 {[%clk 1:20:32]} 9. Nxc6 {[%clk 1:22:17]} bxc6 {[%clk
1:20:10]} 10. Rd1 {[%clk 1:16:02]} Bb7 {[%clk 1:15:59]} 11. exd5 {[%clk 1:12:21]}
cxd5 {[%clk 1:15:45]} 12. Bh6 {[%clk 1:07:44]} Bxh6 {[%clk 1:14:24]} 13. Qxh6
{[%clk 1:08:11]} d4 {[%clk 1:14:51]} 14. Qh4 {[%clk 0:49:38]} e5 {[%clk 1:13:46]}
15. Ne2 {[%clk 0:47:52]} Qa5+ {[%clk 1:08:27]} 16. c3 {[%clk 0:47:22]} dxc3
{[%clk 1:08:35]} 17. Nxc3 {[%clk 0:47:01]} Ne4 {[%clk 1:08:55]} 18. Rc1 {[%clk
0:45:54]} Rac8 {[%clk 1:09:06]} 19. Bd3 {[%clk 0:40:58]} Nxc3 {[%clk 1:09:16]}
20. bxc3 {[%clk 0:38:24]} Rxc3 {[%clk 1:08:48]} 21. Rxc3 {[%clk 0:38:42]} Qxc3+
{[%clk 1:09:10]} 22. Ke2 {[%clk 0:38:47]} Qb2+ {[%clk 1:06:35]} 23. Ke3 {[%clk
0:38:44]} f5 {[%clk 1:06:53]} 24. Rb1 {[%clk 0:38:24]} f4+ {[%clk 1:07:15]} 0-1

[Event "Poznan Chess Festival"]
[Site "chess24.com"]
[Date "2021.08.16"]
[Round "3"]
[White "Zarzycki, Piotr"]
[Black "Twardowski, Hubert"]
[Result "0-1"]
[Board "18"]
[WhiteElo "1410"]
[WhiteCountry "POL"]
[WhiteFideId "21843520"]
[WhiteEloChange "-2"]
[BlackElo "1877"]
[BlackCountry "POL"]
[BlackFideId "1190415"]
[BlackEloChange "2"]

1. e4 {[%clk 1:30:56]} c5 {[%clk 1:30:56]} 2. Nc3 {[%clk 1:31:18]} e6 {[%clk
1:31:12]} 3. g3 {[%clk 1:31:34]} Nc6 {[%clk 1:30:28]} 4. Bg2 {[%clk 1:31:48]} g6
{[%clk 1:30:52]} 5. d3 {[%clk 1:31:57]} Bg7 {[%clk 1:31:06]} 6. Bd2 {[%clk
1:32:12]} Nge7 {[%clk 1:31:24]} 7. f4 {[%clk 1:29:34]} d5 {[%clk 1:31:36]} 8. Nf3
{[%clk 1:25:40]} a6 {[%clk 1:31:07]} 9. O-O {[%clk 1:20:49]} O-O {[%clk 1:30:41]}
10. Rb1 {[%clk 1:21:02]} b5 {[%clk 1:30:58]} 11. a3 {[%clk 1:19:27]} Qb6 {[%clk
1:24:01]} 12. Kh1 {[%clk 1:18:48]} Rd8 {[%clk 1:24:24]} 13. Qe1 {[%clk 1:13:26]}
Bb7 {[%clk 1:18:02]} 14. Qf2 {[%clk 1:09:24]} d4 {[%clk 0:59:48]} 15. Ne2 {[%clk
1:09:09]} a5 {[%clk 0:56:51]} 16. g4 {[%clk 0:59:30]} b4 {[%clk 0:51:36]} 17. h4
{[%clk 0:39:12]} b3 {[%clk 0:49:53]} 18. c4 {[%clk 0:29:13]} dxc3 {[%clk
0:47:22]} 19. Bxc3 {[%clk 0:26:30]} Ba6 {[%clk 0:42:20]} 20. Bxg7 {[%clk
0:22:18]} Kxg7 {[%clk 0:42:49]} 21. Ne1 {[%clk 0:18:24]} f5 {[%clk 0:36:01]} 22.
exf5 {[%clk 0:16:50]} exf5 {[%clk 0:36:00]} 23. gxf5 {[%clk 0:16:32]} Nxf5 {[%clk
0:35:44]} 24. Be4 {[%clk 0:16:38]} Rf8 {[%clk 0:20:13]} 25. Rc1 {[%clk 0:14:41]}
Rad8 {[%clk 0:18:50]} 26. Qxc5 {[%clk 0:11:12]} Qxc5 {[%clk 0:17:35]} 27. Rxc5
{[%clk 0:11:36]} Ncd4 {[%clk 0:16:17]} 28. Nxd4 {[%clk 0:11:22]} Rxd4 {[%clk
0:16:34]} 29. Bxf5 {[%clk 0:08:49]} Rxf5 {[%clk 0:16:48]} 30. Rxf5 {[%clk
0:08:26]} gxf5 {[%clk 0:17:17]} 31. Kg1 {[%clk 0:07:18]} Bxd3 {[%clk 0:12:44]}
32. Nxd3 {[%clk 0:06:59]} Rxd3 {[%clk 0:13:09]} 33. Kg2 {[%clk 0:06:24]} Kg6
{[%clk 0:13:05]} 34. Rf3 {[%clk 0:05:14]} Rd2+ {[%clk 0:13:02]} 35. Rf2 {[%clk
0:05:24]} Rd1 {[%clk 0:13:29]} 36. Kg3 {[%clk 0:01:12]} Kh5 {[%clk 0:11:15]} 37.
Re2 {[%clk 0:01:19]} Rd3+ {[%clk 0:10:42]} 38. Kf2 {[%clk 0:01:11]} Kg4 {[%clk
0:09:35]} 39. Re5 {[%clk 0:01:06]} Kxf4 {[%clk 0:06:08]} 40. Rxa5 {[%clk
0:01:16]} Rd2+ {[%clk 0:06:36]} 41. Ke1 {[%clk 0:01:17]} Rxb2 {[%clk 0:07:04]}
42. Ra4+ {[%clk 0:01:26]} Kg3 {[%clk 0:04:55]} 43. Rb4 {[%clk 0:01:41]} f4 {[%clk
0:04:34]} 44. a4 {[%clk 0:02:02]} f3 {[%clk 0:04:56]} 0-1

[Event "Poznan Chess Festival"]
[Site "chess24.com"]
[Date "2021.08.16"]
[Round "3"]
[White "Rozumek, Krzysztof"]
[Black "Pietras, Igor"]
[Result "1-0"]
[Board "19"]
[WhiteElo "1859"]
[WhiteCountry "POL"]
[WhiteFideId "1180215"]
[WhiteEloChange "2"]
[BlackElo "1391"]
[BlackCountry "POL"]
[BlackFideId "21867186"]
[BlackEloChange "-2"]

1. f4 {[%clk 1:29:42]} d5 {[%clk 1:30:37]} 2. Nf3 {[%clk 1:30:07]} Nf6 {[%clk
1:30:20]} 3. e3 {[%clk 1:30:18]} c5 {[%clk 1:28:46]} 4. b3 {[%clk 1:30:46]} Nc6
{[%clk 1:25:08]} 5. Bb5 {[%clk 1:30:30]} Bd7 {[%clk 1:23:44]} 6. Bb2 {[%clk
1:30:41]} e6 {[%clk 1:23:28]} 7. Bxc6 {[%clk 1:30:48]} Bxc6 {[%clk 1:23:50]} 8.
Ne5 {[%clk 1:31:15]} Be7 {[%clk 1:21:25]} 9. O-O {[%clk 1:31:36]} Qb6 {[%clk
1:20:29]} 10. d3 {[%clk 1:26:17]} O-O {[%clk 1:16:43]} 11. Re1 {[%clk 1:08:19]}
Rfd8 {[%clk 1:08:17]} 12. Qe2 {[%clk 1:03:52]} a5 {[%clk 1:04:34]} 13. a4 {[%clk
1:03:48]} Rac8 {[%clk 1:04:18]} 14. Nd2 {[%clk 0:56:37]} Qa7 {[%clk 0:55:49]} 15.
Kh1 {[%clk 0:54:12]} Nd7 {[%clk 0:51:14]} 16. Qg4 {[%clk 0:43:30]} Nxe5 {[%clk
0:38:05]} 17. Bxe5 {[%clk 0:43:56]} Bf8 {[%clk 0:37:49]} 18. Nf3 {[%clk 0:36:33]}
b5 {[%clk 0:25:54]} 19. Bf6 {[%clk 0:13:27]} Rd7 {[%clk 0:25:54]} 20. Ne5 {[%clk
0:26:12]} Rb7 {[%clk 0:26:12]} 21. Nxc6 {[%clk 0:26:30]} Rxc6 {[%clk 0:26:12]}
22. axb5 {[%clk 0:26:40]} Rxb5 {[%clk 0:26:20]} 23. Ra4 {[%clk 0:27:07]} Rb4
{[%clk 0:22:25]} 24. Rea1 {[%clk 0:26:45]} Rxa4 {[%clk 0:20:55]} 25. Rxa4 {[%clk
0:27:12]} c4 {[%clk 0:19:46]} 26. Bd4 {[%clk 0:20:44]} Qc7 {[%clk 0:19:15]} 27.
dxc4 {[%clk 0:19:35]} dxc4 {[%clk 0:19:15]} 28. b4 {[%clk 0:18:37]} Qb7 {[%clk
0:15:22]} 29. c3 {[%clk 0:14:27]} axb4 {[%clk 0:14:40]} 30. Rxb4 {[%clk 0:14:55]}
Ra6 {[%clk 0:10:01]} 31. h3 {[%clk 0:14:12]} Qc8 {[%clk 0:08:57]} 32. Rb5 {[%clk
0:11:46]} g6 {[%clk 0:08:15]} 33. Be5 {[%clk 0:08:16]} Bd6 {[%clk 0:07:37]} 34.
Qg5 {[%clk 0:08:05]} Bxe5 {[%clk 0:06:32]} 35. Qxe5 {[%clk 0:08:34]} Ra8 {[%clk
0:05:10]} 36. Rc5 {[%clk 0:08:36]} Qb7 {[%clk 0:04:53]} 37. Rxc4 {[%clk 0:06:26]}
Ra2 {[%clk 0:04:05]} 38. Qe4 {[%clk 0:06:50]} Qd7 {[%clk 0:03:10]} 39. Rd4 {[%clk
0:04:07]} Qe7 {[%clk 0:03:14]} 40. Ra4 {[%clk 0:02:38]} Rd2 {[%clk 0:01:58]} 41.
Rd4 {[%clk 0:02:21]} Ra2 {[%clk 0:02:15]} 42. Qe5 {[%clk 0:02:05]} Qh4 {[%clk
0:01:20]} 43. Rd1 {[%clk 0:01:14]} Ra8 {[%clk 0:00:52]} 44. Rb1 {[%clk 0:01:21]}
Qd8 {[%clk 0:00:57]} 45. c4 {[%clk 0:01:32]} Qc8 {[%clk 0:00:34]} 46. c5 {[%clk
0:01:42]} Qc6 {[%clk 0:00:39]} 47. Rb6 {[%clk 0:01:09]} Qd5 {[%clk 0:00:36]} 48.
Rb8+ {[%clk 0:00:46]} Rxb8 {[%clk 0:01:03]} 49. Qxb8+ {[%clk 0:01:08]} Kg7 {[%clk
0:01:27]} 50. Qb4 {[%clk 0:00:43]} Qc6 {[%clk 0:01:04]} 51. Qb6 {[%clk 0:01:11]}
1-0

[Event "Poznan Chess Festival"]
[Site "chess24.com"]
[Date "2021.08.16"]
[Round "3"]
[White "Mackiewicz, Piotr"]
[Black "Matloka, Mateusz"]
[Result "1-0"]
[Board "20"]
[WhiteElo "1771"]
[WhiteCountry "POL"]
[WhiteFideId "1139657"]
[WhiteEloChange "2"]
[BlackElo "1368"]
[BlackCountry "POL"]
[BlackFideId "21086346"]
[BlackEloChange "-2"]

1. Nf3 {[%clk 1:30:52]} d5 {[%clk 1:30:21]} 2. g3 {[%clk 1:30:57]} c5 {[%clk
1:30:40]} 3. Bg2 {[%clk 1:31:12]} Nf6 {[%clk 1:30:20]} 4. O-O {[%clk 1:31:14]}
Nc6 {[%clk 1:30:03]} 5. c4 {[%clk 1:29:32]} e6 {[%clk 1:28:05]} 6. cxd5 {[%clk
1:26:58]} exd5 {[%clk 1:28:00]} 7. d4 {[%clk 1:26:38]} Be7 {[%clk 1:26:03]} 8.
dxc5 {[%clk 1:25:21]} O-O {[%clk 1:24:43]} 9. b3 {[%clk 1:22:35]} Bxc5 {[%clk
1:19:34]} 10. Bb2 {[%clk 1:22:56]} Be6 {[%clk 1:09:47]} 11. Nc3 {[%clk 1:19:42]}
Qd7 {[%clk 1:02:55]} 12. Na4 {[%clk 1:17:28]} Be7 {[%clk 1:03:15]} 13. Re1 {[%clk
1:13:06]} b6 {[%clk 0:57:58]} 14. e3 {[%clk 1:03:17]} Rac8 {[%clk 0:52:40]} 15.
Rc1 {[%clk 0:54:24]} Bg4 {[%clk 0:43:14]} 16. a3 {[%clk 0:31:23]} Rfd8 {[%clk
0:16:11]} 17. Qd3 {[%clk 0:30:11]} Bf5 {[%clk 0:14:10]} 18. Qb5 {[%clk 0:29:54]}
Qb7 {[%clk 0:10:45]} 19. b4 {[%clk 0:26:44]} Ne4 {[%clk 0:09:39]} 20. Red1 {[%clk
0:26:10]} Be6 {[%clk 0:08:58]} 21. Nc3 {[%clk 0:21:27]} Nd6 {[%clk 0:08:38]} 22.
Qe2 {[%clk 0:21:20]} Nc4 {[%clk 0:07:58]} 23. Nd4 {[%clk 0:21:01]} Nxd4 {[%clk
0:07:16]} 24. exd4 {[%clk 0:20:47]} Bg5 {[%clk 0:05:52]} 25. Ra1 {[%clk 0:18:45]}
b5 {[%clk 0:04:34]} 26. Bc1 {[%clk 0:16:59]} Bxc1 {[%clk 0:04:56]} 27. Rdxc1
{[%clk 0:17:22]} Rc7 {[%clk 0:04:29]} 28. a4 {[%clk 0:15:29]} a6 {[%clk 0:04:14]}
29. axb5 {[%clk 0:15:53]} axb5 {[%clk 0:04:34]} 30. Qa2 {[%clk 0:14:50]} Rdc8
{[%clk 0:03:54]} 31. Ne2 {[%clk 0:15:01]} h6 {[%clk 0:04:00]} 32. h3 {[%clk
0:15:09]} g5 {[%clk 0:03:20]} 33. Rc3 {[%clk 0:13:31]} Qc6 {[%clk 0:03:02]} 34.
Nc1 {[%clk 0:13:03]} Qd7 {[%clk 0:02:36]} 35. Kh2 {[%clk 0:13:26]} f5 {[%clk
0:02:46]} 36. Nd3 {[%clk 0:13:43]} Qg7 {[%clk 0:02:04]} 37. Nc5 {[%clk 0:10:13]}
Bf7 {[%clk 0:01:41]} 38. Rd1 {[%clk 0:09:54]} Qf6 {[%clk 0:01:21]} 39. Rf3 {[%clk
0:05:54]} f4 {[%clk 0:00:39]} 40. Qa1 {[%clk 0:05:46]} fxg3+ {[%clk 0:00:42]} 41.
fxg3 {[%clk 0:06:00]} Qg7 {[%clk 0:00:33]} 42. Qa6 {[%clk 0:06:10]} Rb8 {[%clk
0:00:34]} 43. Ne6 {[%clk 0:04:41]} Bxe6 {[%clk 0:00:43]} 44. Qxe6+ {[%clk
0:05:10]} Rf7 {[%clk 0:00:33]} 45. Qxd5 {[%clk 0:05:13]} Rb7 {[%clk 0:00:30]} 46.
Rdf1 {[%clk 0:04:18]} Rd7 {[%clk 0:00:17]} 1-0

[Event "Poznan Chess Festival"]
[Site "chess24.com"]
[Date "2021.08.16"]
[Round "3"]
[White "Skrzypczak, Jakub"]
[Black "Baranska, Monika"]
[Result "0-1"]
[Board "21"]
[WhiteElo "1350"]
[WhiteCountry "POL"]
[WhiteFideId "1148079"]
[WhiteEloChange "-2"]
[BlackElo "1767"]
[BlackCountry "POL"]
[BlackFideId "1130382"]
[BlackEloChange "2"]

1. e4 {[%clk 1:30:57]} e6 {[%clk 1:30:58]} 2. d4 {[%clk 1:31:15]} d5 {[%clk
1:31:26]} 3. exd5 {[%clk 1:31:35]} exd5 {[%clk 1:31:51]} 4. Nf3 {[%clk 1:31:51]}
Nf6 {[%clk 1:31:26]} 5. Bd3 {[%clk 1:31:20]} c5 {[%clk 1:30:49]} 6. O-O {[%clk
1:28:40]} c4 {[%clk 1:30:51]} 7. Be2 {[%clk 1:28:58]} Bd6 {[%clk 1:29:22]} 8. b3
{[%clk 1:27:47]} cxb3 {[%clk 1:29:43]} 9. axb3 {[%clk 1:24:22]} O-O {[%clk
1:29:41]} 10. c4 {[%clk 1:24:05]} b6 {[%clk 1:13:22]} 11. Bg5 {[%clk 1:20:07]}
Bb7 {[%clk 1:10:19]} 12. Nc3 {[%clk 1:16:17]} Be7 {[%clk 1:04:10]} 13. Bd3 {[%clk
1:08:26]} h6 {[%clk 1:00:51]} 14. Bh4 {[%clk 1:08:18]} Nbd7 {[%clk 0:43:17]} 15.
Qc2 {[%clk 0:50:58]} a5 {[%clk 0:31:52]} 16. Rfe1 {[%clk 0:43:15]} Bb4 {[%clk
0:30:37]} 17. Re2 {[%clk 0:39:27]} dxc4 {[%clk 0:25:05]} 18. bxc4 {[%clk
0:38:01]} Re8 {[%clk 0:17:39]} 19. Ne5 {[%clk 0:35:29]} Nf8 {[%clk 0:16:50]} 20.
Ne4 {[%clk 0:30:05]} Qxd4 {[%clk 0:11:41]} 21. Rae1 {[%clk 0:25:24]} Bxe1 {[%clk
0:09:00]} 22. Nxf6+ {[%clk 0:20:26]} gxf6 {[%clk 0:08:36]} 23. Bxf6 {[%clk
0:20:49]} Bxf2+ {[%clk 0:08:07]} 24. Rxf2 {[%clk 0:19:50]} Rxe5 {[%clk 0:08:22]}
25. Qd2 {[%clk 0:18:41]} Qe3 {[%clk 0:07:51]} 26. Bxe5 {[%clk 0:17:58]} Qxe5
{[%clk 0:08:19]} 27. Qxh6 {[%clk 0:18:18]} Qg7 {[%clk 0:08:33]} 28. Qxb6 {[%clk
0:16:25]} f6 {[%clk 0:03:35]} 29. c5 {[%clk 0:15:22]} Bd5 {[%clk 0:03:08]} 30.
Qd6 {[%clk 0:14:33]} Qg5 {[%clk 0:02:46]} 31. Qxf6 {[%clk 0:11:10]} Qxf6 {[%clk
0:02:48]} 32. Rxf6 {[%clk 0:11:38]} a4 {[%clk 0:02:46]} 33. c6 {[%clk 0:11:03]}
a3 {[%clk 0:02:43]} 34. Rf1 {[%clk 0:09:58]} a2 {[%clk 0:02:41]} 35. Ra1 {[%clk
0:10:22]} Ne6 {[%clk 0:02:35]} 36. Bc2 {[%clk 0:09:32]} Nd4 {[%clk 0:02:44]} 37.
Bd1 {[%clk 0:09:45]} Nxc6 {[%clk 0:02:16]} 38. Kf2 {[%clk 0:10:07]} Nd4 {[%clk
0:02:15]} 39. Ke3 {[%clk 0:09:51]} Nb3 {[%clk 0:01:58]} 40. Bxb3 {[%clk 0:10:15]}
Bxb3 {[%clk 0:02:27]} 41. Kd3 {[%clk 0:10:29]} Be6 {[%clk 0:02:12]} 42. Kc2
{[%clk 0:07:38]} Bf5+ {[%clk 0:02:18]} 43. Kb2 {[%clk 0:07:29]} Bb1 {[%clk
0:02:40]} 44. h4 {[%clk 0:06:59]} Rc8 {[%clk 0:02:32]} 45. g4 {[%clk 0:07:03]}
Rc4 {[%clk 0:02:52]} 46. g5 {[%clk 0:07:16]} Rxh4 {[%clk 0:03:13]} 47. g6 {[%clk
0:07:37]} Rh3 {[%clk 0:03:18]} 48. Kc1 {[%clk 0:07:29]} Rh2 {[%clk 0:03:37]} 49.
Kd1 {[%clk 0:07:46]} Kg7 {[%clk 0:04:03]} 0-1

[Event "Poznan Chess Festival"]
[Site "chess24.com"]
[Date "2021.08.16"]
[Round "3"]
[White "Zakrzewska, Joanna"]
[Black "Lesien, Tymoteusz"]
[Result "1-0"]
[Board "22"]
[WhiteElo "1736"]
[WhiteCountry "POL"]
[WhiteFideId "1170112"]
[WhiteEloChange "2"]
[BlackElo "1307"]
[BlackCountry "POL"]
[BlackFideId "21832676"]
[BlackEloChange "-2"]

1. e4 {[%clk 1:30:58]} c5 {[%clk 1:30:55]} 2. Nf3 {[%clk 1:31:22]} Nc6 {[%clk
1:31:22]} 3. d4 {[%clk 1:31:41]} cxd4 {[%clk 1:31:48]} 4. Nxd4 {[%clk 1:32:05]}
g6 {[%clk 1:32:15]} 5. Nc3 {[%clk 1:32:18]} Bg7 {[%clk 1:32:37]} 6. Be3 {[%clk
1:32:31]} Nf6 {[%clk 1:33:01]} 7. Bc4 {[%clk 1:32:03]} Qa5 {[%clk 1:33:23]} 8.
O-O {[%clk 1:31:02]} O-O {[%clk 1:33:45]} 9. Kh1 {[%clk 1:25:36]} d6 {[%clk
1:29:59]} 10. f3 {[%clk 1:24:40]} Nxd4 {[%clk 1:23:50]} 11. Bxd4 {[%clk 1:22:52]}
Bd7 {[%clk 1:23:34]} 12. Bb3 {[%clk 1:21:50]} Rfc8 {[%clk 1:11:16]} 13. Re1
{[%clk 1:19:07]} Bc6 {[%clk 0:49:42]} 14. Qd3 {[%clk 1:11:55]} Qd8 {[%clk
0:39:53]} 15. Rad1 {[%clk 1:11:11]} b5 {[%clk 0:36:03]} 16. Nxb5 {[%clk 1:01:12]}
Bxb5 {[%clk 0:33:05]} 17. Qxb5 {[%clk 1:01:33]} a5 {[%clk 0:31:33]} 18. a4 {[%clk
0:58:16]} Rab8 {[%clk 0:29:47]} 19. Qe2 {[%clk 0:56:24]} Nd7 {[%clk 0:26:58]} 20.
Bxg7 {[%clk 0:28:26]} Kxg7 {[%clk 0:26:31]} 21. Qe3 {[%clk 0:28:25]} Nc5 {[%clk
0:13:35]} 22. Bd5 {[%clk 0:26:05]} Rb4 {[%clk 0:08:19]} 23. b3 {[%clk 0:25:22]}
e6 {[%clk 0:08:43]} 24. Bc4 {[%clk 0:24:38]} Nxa4 {[%clk 0:07:31]} 25. c3 {[%clk
0:18:51]} Rb7 {[%clk 0:03:49]} 26. Ba6 {[%clk 0:17:31]} Rxc3 {[%clk 0:02:52]} 27.
Qd4+ {[%clk 0:17:49]} Kg8 {[%clk 0:03:16]} 1-0